LEADER 01319nam0 2200337 4500 001 000029713 005 20131204134615.0 010 $a9788874315543 100 $a20131202d2011----km-y0itay50------ba 101 0 $aita 102 $aIT 105 $ay-------001yy 200 1 $a<>fuoco dal mare$evulcanismo e ambienti sottomarini$f[a cura di] Pietro Coiro, Giovanni Fulvio Russo$eatti del convegno internazionale, Napoli, 13 dicembre 2008 210 $aNapoli$cGiannini$d2011 215 $a142 p.$cill.$d24 cm 225 2 $a<>quaderni di uomo e natura$v3 410 0$12001$a<>quaderni di uomo e natura$v3 500 10$a<>fuoco dal mare : vulcanismo e ambienti sottomarini$m<>$957592 610 1 $aVulcanismo$aVulcanologia sottomarina 676 $a551.2$v21$9Vulcani, terremoti, acque termali e gas 702 1$aCoiro,$bPietro$4070 702 1$aRusso,$bGiovanni Fulvio$4070 801 0$aIT$bUNIPARTHENOPE$c20131028$gRICA$2UNIMARC 912 $a000029713 951 $aDiST 551-F/1$b01$cDiST$d2013 951 $aDiST 551-F/1 (1)$b02$cDiST$d2013 951 $aDiST 551-F/1 (2)$b03$cDiST$d2013 951 $aDiST 551-F/1 (3)$b04$cDiST$d2013 951 $aPARTH-RUS/1$b05$cNAVA1$d2013 996 $aFuoco dal mare : vulcanismo e ambienti sottomarini$957592 997 $aUNIPARTHENOPE LEADER 01838nam 2200433Ia 450 001 996385510503316 005 20200824132507.0 035 $a(CKB)4940000000076488 035 $a(EEBO)2240980754 035 $a(OCoLC)ocm12318058e 035 $a(OCoLC)12318058 035 $a(EXLCZ)994940000000076488 100 $a19850729d1691 uy | 101 0 $aeng 135 $aurbn||||a|bb| 200 14$aThe glorious kingdom of Christ, described and clearly vindicated$b[electronic resource] $eagainst the bold asserters of a future calling and reign of the Jews, and 1000 years before the conflagration and the asserters of the 1000 years kingdom after the conflagration : opening the promise of the new heaven and earth and the everlastingness of Christ's kingdom against their debasing it, who confine it to 1000 years ... : answering Mr. Tho. Beverley ... in his twelve principles and catechisms, &c. /$fby Richard Baxter .. 210 $aLondon $cPrinted by T. Snowden, for Thomas Parkhurst ...$d1691 215 $a[6], 73, [1] p 300 $aDedication: To Mr. Increase Mather, the learned and pious rector of the New-England college (now in London). 300 $aAdvertisement: p. 73 and p. [1] at end. 300 $aReproduction of original in British Library. 300 $aMarginal notes. 330 $aeebo-0018 606 $aEschatology$vEarly works to 1800 606 $aMillennium 606 $aJews$xRestoration 615 0$aEschatology 615 0$aMillennium. 615 0$aJews$xRestoration. 700 $aBaxter$b Richard$f1615-1691.$0615285 801 0$bEAA 801 1$bEAA 801 2$bm/c 801 2$bUMI 801 2$bWaOLN 906 $aBOOK 912 $a996385510503316 996 $aThe glorious kingdom of Christ, described and clearly vindicated$92411497 997 $aUNISA